| 000 | 00977nam a2200277 a 4500 | ||
|---|---|---|---|
| 001 | 24801 | ||
| 003 | CO-ViMGA | ||
| 005 | 20230915232019.0 | ||
| 008 | 141112s2004 ck r 000 u spa d | ||
| 020 | _a8483222898 | ||
| 040 |
_aCO-ViMGA _bspa _cCO-ViMGA |
||
| 041 | _aspa | ||
| 082 | 0 | 4 | _a339 B51m |
| 100 | 1 |
_aBlanchard, Olivier Jean, 1948 - . _937052 |
|
| 245 | 1 | 0 |
_aMacroeconomía / _cOlivier Jean Blanchard. Traducción Esther Rabasco Espáriz, revisión técnica Cecilia Albert Verdu.../et.al./. |
| 250 | _a4.ed. | ||
| 260 |
_aMadrid : _bPrentice Hall, _c2006. |
||
| 300 | _axxviii, 703 p. : il. ; 25 cm. | ||
| 505 | _acon soporte interactivo en inoodle | ||
| 650 | 1 | 4 | _aMacroeconomía |
| 650 | 1 | 4 |
_aPolítica económica - Teorias _98233 |
| 700 | 1 |
_aRabasco Espariz, María Esther _937053 |
|
| 942 |
_2ddc _cBK |
||
| 949 | _an n | ||
| 999 |
_c32603 _d32603 |
||